[Event "EUR-chT Seniors 65"]
[Site "Prague"]
[Date "2021.09.07"]
[Round "9.3"]
[White "Valtera, Jiri"]
[Black "Meister, Jakob"]
[Result "0-1"]
[WhiteElo "1850"]
[BlackElo "2416"]
[PlyCount "84"]
[EventDate "2021.08.30"]
[EventType "team-swiss"]
[EventRounds "9"]
[EventCountry "CZE"]
[SourceTitle "CBM 204 Extra"]
[Source "ChessBase"]
[SourceDate "2021.11.30"]
[SourceVersion "1"]
[SourceVersionDate "2021.11.30"]
[SourceQuality "1"]
[WhiteTeam "Oldest Boys 65"]
[BlackTeam "Lasker Schachstiftung 65"]
[WhiteTeamCountry "CZE"]
[BlackTeamCountry "GER"]

1. e4 c5 2. Nf3 e6 3. d4 cxd4 4. Nxd4 Nf6 5. Nc3 d6 6. Be2 Be7 7. Be3 Nc6 8. 0-0 0-0 9. a4 Bd7 10. Nb3 Na5 11. Nxa5 Qxa5 12. Bd3 Bc6 13. Qe2 a6 14. Bd2 Qc7 15. Kh1 Nd7 16. f4 Nc5 17. Rf3 Nxd3 18. cxd3 d5 19. Rh3 g6 20. e5 d4 21. Ne4 Bxe4 22. dxe4 Rfd8 23. Rc1 Qd7 24. Rf1 f5 25. exf5 exf5 26. Qc4+ Qd5 27. Qxd5+ Rxd5 28. Rb3 b5 29. axb5 axb5 30. g3 Kf7 31. Kg2 d3 32. Rf3 Rad8 33. Kf1 b4 34. Ke1 Bc5 35. Bxb4 Rb8 36. Rfxd3 Rxd3 37. Rxd3 Rxb4 38. b3 Ke6 39. Ke2 Bd4 40. h3 Kd5 41. Kf3 Rb6 42. g4 Rc6 0-1

[Event "GER-chT Online Liga Playoffs"]
[Site "Playchess.com INT"]
[Date "2021.04.15"]
[Round "1.3"]
[White "Meister, Jakob"]
[Black "Sonnenschein, Philipp"]
[Result "1/2-1/2"]
[WhiteElo "2416"]
[BlackElo "2149"]
[PlyCount "101"]
[EventDate "2021.04.15"]
[EventType "team-k.o. (rapid)"]
[EventRounds "3"]
[EventCountry "GER"]
[SourceTitle "CBM 201 Extra"]
[Source "ChessBase"]
[SourceDate "2021.05.31"]
[SourceVersion "1"]
[SourceVersionDate "2021.05.31"]
[SourceQuality "1"]
[WhiteTeam "Zehlendorf"]
[BlackTeam "Dinslaken"]
[WhiteTeamCountry "GER"]
[BlackTeamCountry "GER"]

1. d4 Nf6 2. c4 g6 3. Nc3 d5 4. Nf3 Bg7 5. e3 0-0 6. Be2 c5 7. dxc5 Na6 8. cxd5 Nxc5 9. 0-0 a6 10. a3 b6 11. d6 exd6 12. Nd4 Bb7 13. b4 Ne6 14. Nxe6 fxe6 15. Bb2 Nd5 16. Qd2 Nxc3 17. Bxc3 Qg5 18. f3 Bh6 19. Bd4 b5 20. Qb2 Rac8 21. Rac1 Rxc1 22. Qxc1 Rc8 23. Qb2 e5 24. Bb6 Rc6 25. Ba7 Qe7 26. e4 Bc8 27. Bf2 Qc7 28. Bd1 Be6 29. Bb3 Qf7 30. Bxe6 Qxe6 31. Rd1 Kf8 32. Qe2 Qb3 33. Be1 Qxa3 34. Qd3 Be3+ 35. Kf1 Qxd3+ 36. Rxd3 Bd4 37. Ra3 Ke7 38. Ra2 Kd7 39. Ke2 Kc7 40. Bd2 Kb6 41. Kd3 Rc4 42. Rc2 Rxc2 43. Kxc2 Bg1 44. h3 Bh2 45. Be1 Bf4 46. Kd3 Kc6 47. Bc3 d5 48. exd5+ Kxd5 49. Be1 Bg5 50. Bc3 Be7 51. Bd2 1/2-1/2

[Event "WchT Seniors 50"]
[Site "Prague"]
[Date "2020.03.06"]
[Round "1.2"]
[White "Lauterbach, Ingrid"]
[Black "Meister, Jakob"]
[Result "1/2-1/2"]
[WhiteElo "2057"]
[BlackElo "2427"]
[PlyCount "143"]
[EventDate "2020.03.06"]
[EventType "team-swiss"]
[EventRounds "7"]
[EventCountry "CZE"]
[SourceTitle "CBM 195 Extra"]
[Source "ChessBase"]
[SourceDate "2020.05.31"]
[SourceVersion "1"]
[SourceVersionDate "2020.05.31"]
[SourceQuality "1"]
[WhiteTeam "England 50 (W)"]
[BlackTeam "Germany 50"]
[WhiteTeamCountry "ENG"]
[BlackTeamCountry "GER"]

1. Nf3 d5 2. g3 Nd7 3. d4 c6 4. Bg2 Ngf6 5. 0-0 Ne4 6. c4 e6 7. b3 Be7 8. Qc2 f5 9. Ne5 Nxe5 10. dxe5 0-0 11. Nc3 Bd7 12. Bb2 Be8 13. a3 Bg6 14. b4 Qe8 15. Rac1 a6 16. c5 Nxc3 17. Qxc3 f4 18. gxf4 Rxf4 19. Qg3 Qf7 20. e3 Rh4 21. Rcd1 Bf5 22. f3 Rh6 23. e4 Rg6 24. Qe1 Bh3 25. Rd2 Rd8 26. Kh1 Bxg2+ 27. Rxg2 Rxg2 28. Kxg2 Qg6+ 29. Qg3 Qxg3+ 30. hxg3 dxe4 31. fxe4 Rd2+ 32. Rf2 Rxf2+ 33. Kxf2 a5 34. Bc1 a4 35. Kf3 Kf7 36. Kg4 Kg6 37. Bd2 h5+ 38. Kf3 Bg5 39. Bf4 h4 40. Kg4 Bd8 41. gxh4 Bc7 42. h5+ Kf7 43. Kf3 g6 44. hxg6+ Kxg6 45. Ke3 Kh5 46. Kf3 Bd8 47. Bc1 Bh4 48. Bd2 Bd8 49. Be3 Kh4 50. Bd2 Kh3 51. Bc1 Bh4 52. Bd2 Bg3 53. Bc3 Kh4 54. Bb2 Be1 55. Ke2 Bg3 56. Kf3 Kh3 57. Bc3 Bh4 58. Bd2 Bd8 59. Bc1 Kh4 60. Be3 Kh5 61. Bd2 Kg6 62. Kg4 Kf7 63. Be3 Kg6 64. Bc1 Bc7 65. Bb2 Kf7 66. Kh5 b6 67. cxb6 Bxb6 68. Kg5 Ke7 69. Kg6 Be3 70. Kg7 c5 71. bxc5 Bxc5 72. Kg8 1/2-1/2

[Event "Cheliabinsk Panchenko Memorial op"]
[Site "Cheliabinsk"]
[Date "2019.09.13"]
[Round "5"]
[White "Meister, Jakob"]
[Black "Zakhartsov, Vladimir"]
[Result "1/2-1/2"]
[WhiteElo "2410"]
[BlackElo "2519"]
[PlyCount "81"]
[EventDate "2019.09.09"]
[EventType "swiss"]
[EventRounds "9"]
[EventCountry "RUS"]
[SourceTitle "EXT 2020"]
[Source "ChessBase"]
[SourceDate "2019.10.17"]
[SourceVersion "1"]
[SourceVersionDate "2019.10.17"]
[SourceQuality "1"]

1. e4 c5 2. c3 d6 3. d4 Qc7 4. Nf3 Nd7 5. Bd3 g6 6. 0-0 Bg7 7. a4 Ngf6 8. Na3 0-0 9. Re1 a6 10. d5 b6 11. Rb1 Re8 12. Bf1 Bb7 13. Nc4 Rad8 14. h3 h6 15. Bf4 Bf8 16. b4 e6 17. e5 dxe5 18. d6 Qc8 19. Nfxe5 Nd5 20. Qd2 b5 21. axb5 axb5 22. Nxd7 Rxd7 23. Ne5 Rxd6 24. bxc5 Rdd8 25. Bxh6 Bxc5 26. Qg5 Be7 27. Qg4 Nf6 28. Qf4 Ba6 29. g4 Qxc3 30. Rec1 Qd4 31. Qxd4 Rxd4 32. Nc6 Ra4 33. Nxe7+ Rxe7 34. Bg5 Kg7 35. Bxf6+ Kxf6 36. Bxb5 Bxb5 37. Rxb5 Rea7 38. Kg2 R4a5 39. g5+ Kg7 40. Rxa5 Rxa5 41. h4 1/2-1/2